| 000 | 00614cam a22002293a 4500 | ||
|---|---|---|---|
| 001 | 17544 | ||
| 003 | PGUSA | ||
| 005 | 20140828083356.0 | ||
| 008 | 060118s2006||||xxu|||||s|||||000 p eng d | ||
| 040 |
_aPGUSA _beng |
||
| 042 | _adc | ||
| 050 | 4 | _aPQ | |
| 100 | 1 |
_aAder, Guillaume, _d1574-1628 |
|
| 245 | 1 | 0 |
_aLou catounet gascoun _h[electronic resource] / _cGuillaume Ader |
| 260 |
_bProject Gutenberg, _c2006 |
||
| 506 | _aPublic domain in the USA. | ||
| 516 | _aElectronic text | ||
| 653 | _aPoetry | ||
| 830 | 0 |
_aProject Gutenberg _v17544 |
|
| 856 | 4 | 0 | _uhttp://www.gutenberg.org/ebooks/17544 |
| 942 | _cEB | ||
| 999 |
_c246799 _d246799 |
||